000
00323nam a2200145Ia 4500
008
230711s9999||||xx |||||||||||||| ||und||
041
_a
ENG
082
_a
530
_b
SE-P
100
_a
Sehgal,Chopra
245
0
_a
Modern Physics
250
_a
1st
260
_c
1989
_a
New Delhi
_b
Khanna Publishers
650
_a
Physics
942
_c
BK
999
_c
16
_d
16